1207 1396 1611 1137 1884 1073 1314 1258 1824 1658 1350 1051 1191 1345 1616 1036 1147 1550 1555 1852 1665 1054 1945 1761 1554 1889 1815 1206 1338 1089 1360 1776 1558 1265 1013 1551 1041 1658 1920 1755 1839 1377 1585 1659 1135 1876 1875 1003 1979 1545 1386 1671 1703 1414 1748 1094 1814 1239 1055 1321 1645 1687 1849 1952 1960 1819 1593 1773 1819 1918 1355 1152 1484 1567 1288 1731 1084 1453 1108 1760 1902 1413 1069 1791 1372 1454 1720 1896 1998 1744 1350 1219 1893 1368 1076 1069 1707 1474 1669 BCNSPRNW ULIB Ver.6.0+V

เปลี่ยนเป็นภาษาไทย

Change to English
 แสดงรายละเอียดบรรณานุกรม
  กลับหน้าหลัก

Brief Record : Get Marc (ISO 2709) : E-mail record : QR code < ปิดหน้าต่าง
LEADER : 00000nam 2200000uu 4500
001    13399114481
003     ULIB
008    120404s2551||||th 000 0 tha d
020    ^a9789741034499
090    ^aนว.^bส192จ 2551
100 0  ^aThe Healer of Mars
245 00 ^aใจดวงเซอร์ ๆ มีเธออยู่ในนั้น/^cThe Healer of Mars
250    ^aพิมพ์ครั้งที่ 1
260    ^aกรุงเทพฯ :^bกรีน-ปัญญาญาณ,^c2551
300    ^a230 หน้า
710 1  ^aกรีน-ปัญญาณาณ
945    ^p180^l0^i15323
995    ^aกัณชพร
999    ^aใช้งานได้ทุกระบบ
รายการนี้ยังไม่มีแท็ก
คุณยังไม่ได้ล็อกอิน คุณสามารถมีกิจกรรมร่วมกับเว็บไซต์ได้ แต่ต้องล็อกอินก่อน ::
  ล็อกอิน

รายการสื่อสารสนเทศ

ลำดับที่ ประเภท เลขเรียก/บาร์โค้ด สถานที่ สถานะ
1. วิทยาศาสตร์การแพทย์ และสุขภาพ
วิทยาศาสตร์การแพทย์ และสุขภาพ
นว. ส192จ 2551  
  Barcode: 15323
ห้องสมุดวิทยาเขตสวรรค์ประชารักษ์
►นวนิยาย
บนชั้น
  ขอยืม

BibComment


ยังไม่เคยถูกคอมเมนท์

คอมเมนท์ทรัพยากรรายการนี้
  คอมเมนท์: ใจดวงเซอร์ ๆ มีเ..


 Copyright 2026. Bcnsprnw @Library